[Event "European Club Cup"]
[Site "Rhodes, Greece"]
[Date "2013.10.25"]
[Round "6"]
[White "Stebbings, A."]
[Black "Haskaj, F."]
[Result "1/2-1/2"]
[WhiteElo "2354"]
[BlackElo "2223"]
[PlyCount "100"]
[EventDate "2013.10.20"]

1. e4 c6 2. d4 d5 3. exd5 Qxd5 4. Nf3 Bg4 5. Be2 Nf6 6. h3 Bh5 7. O-O e6 8. c4
Qd8 9. Nc3 Be7 10. Be3 O-O 11. g4 Bg6 12. Ne5 Nfd7 13. Nxg6 hxg6 14. f4 Qc7 15.
Qe1 Rd8 16. Qf2 Nf8 17. Rfd1 Nbd7 18. Bf3 Re8 19. Kg2 Bd6 20. Be4 f5 21. Bc2
Nf6 22. Qf3 a6 23. c5 Be7 24. b4 Bd8 25. a4 Qd7 26. Rab1 Bc7 27. g5 Nd5 28. Ne2
b6 29. Bd2 Reb8 30. h4 Kf7 31. Kg3 b5 32. a5 Re8 33. Nc1 Nh7 34. Nd3 Rh8 35.
Rh1 Rag8 36. Rbe1 Re8 37. Rh2 Nf8 38. Bd1 Qd8 39. Qf2 Nh7 40. Kg2 Qb8 41. Reh1
Reg8 42. h5 Nf8 43. h6 gxh6 44. Rxh6 Rxh6 45. Rxh6 Rg7 46. Kf3 Qd8 47. Bb3 Nd7
48. Rh1 Nf8 49. Rh6 Kg8 50. Rh1 Kf7 1/2-1/2

[Event "European Club Cup"]
[Site "Rhodes, Greece"]
[Date "2013.10.26"]
[Round "7"]
[White "Stebbings, A."]
[Black "Heinrich, J."]
[Result "1/2-1/2"]
[WhiteElo "2354"]
[BlackElo "2040"]
[PlyCount "100"]
[EventDate "2013.10.20"]

1. e4 Nf6 2. e5 Nd5 3. d4 d6 4. Nf3 g6 5. Bc4 Nb6 6. Bb3 Bg7 7. Ng5 d5 8. f4 h6
9. Nf3 Bg4 10. Nbd2 e6 11. h3 Bxf3 12. Nxf3 Nc6 13. c3 Ne7 14. Be3 Nf5 15. Bf2
h5 16. g3 Qe7 17. Qe2 O-O-O 18. O-O-O Qd7 19. Kb1 a5 20. Bc2 c6 21. g4 Ne7 22.
Bh4 Rdf8 23. Bf6 Rfg8 24. Rdf1 Kc7 25. Bxg7 Rxg7 26. Qf2 Nc4 27. Bd1 b5 28. Ne1
hxg4 29. hxg4 Rgh7 30. Bf3 Qe8 31. b3 Nb6 32. Qg2 Kd7 33. Rxh7 Rxh7 34. Rh1 Qh8
35. Rxh7 Qxh7 36. Qh1 Qxh1 37. Bxh1 a4 38. Kc2 Ng8 39. Kd2 axb3 40. axb3 Ke7
41. Ke3 f5 42. exf6+ Nxf6 43. Bf3 Nbd7 44. Nd3 Nh7 45. g5 Nhf8 46. Bd1 Kd6 47.
Bc2 Ke7 48. Ne5 Nxe5 49. dxe5 Kf7 50. c4 dxc4 1/2-1/2

[Event "London league"]
[Site "?"]
[Date "2013.11.11"]
[Round "?"]
[White "Stebbings, A."]
[Black "Cheslavskiy, M."]
[Result "1-0"]
[WhiteElo "2354"]
[BlackElo "2074"]
[PlyCount "77"]
[EventDate "2013.??.??"]

1. e4 Nc6 2. Nf3 d6 3. d4 Nf6 4. Nc3 Bg4 5. Be3 e6 6. h3 Bh5 7. d5 exd5 8. exd5
Ne5 9. g4 Bg6 10. Nd4 Ne4 11. Bb5+ Nd7 12. Nde2 Nxc3 13. Nxc3 a6 14. Be2 Be7
15. Qd2 O-O 16. O-O-O f5 17. Kb1 b5 18. g5 b4 19. Na4 Qe8 20. h4 Ne5 21. Qxb4
f4 22. Bxf4 a5 23. Qd4 Rb8 24. Bd2 Rb4 25. Bxb4 Qxa4 26. Bc3 Qxc2+ 27. Ka1 Qxe2
28. f4 Bf6 29. gxf6 Nd3 30. fxg7 Rxf4 31. Qa7 Qe8 32. Rhf1 Rxf1 33. Rxf1 Bf7
34. Qxc7 Ne5 35. Qxd6 Nc4 36. Qf4 Ne3 37. Qxf7+ Qxf7 38. Rxf7 Kxf7 39. d6 1-0

[Event "Kent league"]
[Site "?"]
[Date "2013.12.03"]
[Round "?"]
[White "Selway, R."]
[Black "Stebbings, A."]
[Result "1/2-1/2"]
[WhiteElo "2138"]
[BlackElo "2354"]
[PlyCount "96"]
[EventDate "2013.??.??"]

1. e4 c5 2. Nc3 Nc6 3. g3 g6 4. Bg2 Bg7 5. d3 d6 6. Be3 e5 7. Nge2 Nge7 8. O-O
O-O 9. Qd2 Nd4 10. f4 Be6 11. Nd5 Nxe2+ 12. Qxe2 Bxd5 13. exd5 exf4 14. Bxf4
Bxb2 15. Rab1 Bd4+ 16. Kh1 Qd7 17. Bg5 Rae8 18. Qf3 f5 19. h4 Kg7 20. Rfe1 Ng8
21. Re6 b6 22. Rbe1 Be5 23. Rxe8 Rxe8 24. h5 Bf6 25. Rxe8 Qxe8 26. h6+ Kf7 27.
Bf4 Qe1+ 28. Kh2 Be5 29. d4 cxd4 30. Qa3 Bxf4 31. Qxa7+ Ne7 32. gxf4 Qh4+ 33.
Kg1 Qxf4 34. Qxb6 Qc1+ 35. Bf1 Qe3+ 36. Kg2 Qg5+ 37. Kf2 Qf4+ 38. Kg1 g5 39.
Qd8 g4 40. Qh8 Qe3+ 41. Kg2 Qd2+ 42. Kg1 Nxd5 43. Qxh7+ Ke6 44. Qg8+ Ke7 45. h7
Qe3+ 46. Kh1 Qh6+ 47. Kg1 Qe3+ 48. Kh1 Qh6+ 1/2-1/2

[Event "London league"]
[Site "?"]
[Date "2014.01.08"]
[Round "?"]
[White "Stone, A."]
[Black "Stebbings, A."]
[Result "0-1"]
[WhiteElo "2200"]
[BlackElo "2343"]
[PlyCount "74"]
[EventDate "2014.??.??"]

1. c4 c5 2. g3 g6 3. Bg2 Bg7 4. Nf3 Nc6 5. Nc3 e6 6. d3 Nge7 7. Bg5 h6 8. Bd2
d5 9. Qc1 b6 10. O-O Bb7 11. Rb1 Rc8 12. cxd5 exd5 13. Bh3 f5 14. Bg2 Nd4 15.
Qd1 Nxf3+ 16. Bxf3 O-O 17. Bg2 Qd7 18. Qb3 Kh7 19. Rbd1 Rfe8 20. e4 Rcd8 21.
exf5 Nxf5 22. Rde1 c4 23. Qc2 Nd4 24. Qb1 b5 25. Be3 b4 26. Bxd4 Bxd4 27. Ne2
Be5 28. f4 Bf6 29. d4 Re3 30. Rf3 Re7 31. Qd1 Rde8 32. Rff1 Qf5 33. Bf3 Qd3 34.
Kf2 Re3 35. Nc1 Qxd4 36. Rxe3 Rxe3 37. Ne2 Qb6 0-1

[Event "County match"]
[Site "?"]
[Date "2014.01.18"]
[Round "?"]
[White "Stebbings, A."]
[Black "Povah, N."]
[Result "1/2-1/2"]
[WhiteElo "2343"]
[BlackElo "2245"]
[PlyCount "46"]
[EventDate "2014.??.??"]

1. e4 c5 2. Nf3 Nc6 3. d4 cxd4 4. Nxd4 Nf6 5. Nc3 e6 6. Ndb5 d6 7. Bf4 e5 8.
Bg5 a6 9. Na3 b5 10. Nd5 Be7 11. Bxf6 Bxf6 12. c3 O-O 13. Nc2 Bg5 14. a4 bxa4
15. Rxa4 a5 16. Bc4 Rb8 17. b3 Kh8 18. O-O f5 19. exf5 Bxf5 20. Nce3 Bg6 21. h3
h6 22. Be2 Bf7 23. Bf3 Bxe3 1/2-1/2

[Event "London league"]
[Site "?"]
[Date "2014.01.27"]
[Round "?"]
[White "Stebbings, A."]
[Black "Whitehead, D."]
[Result "1-0"]
[WhiteElo "2343"]
[BlackElo "1983"]
[PlyCount "121"]
[EventDate "2014.??.??"]

1. d4 Nf6 2. c4 g6 3. Nc3 Bg7 4. e4 d6 5. f3 O-O 6. Be3 c5 7. Nge2 Nc6 8. d5
Ne5 9. Ng3 e6 10. Be2 exd5 11. cxd5 a6 12. a4 h5 13. O-O Nh7 14. Qd2 h4 15. Nh1
f5 16. Nf2 Qf6 17. exf5 gxf5 18. Nh3 Bd7 19. Kh1 Rae8 20. Rae1 Rb8 21. Rg1 b5
22. axb5 axb5 23. g3 Nc4 24. Bxc4 bxc4 25. Nf4 h3 26. Nxh3 Kh8 27. Ng5 Nxg5 28.
Bxg5 Qd4 29. Rd1 Qxd2 30. Rxd2 Rb3 31. Rc2 Rfb8 32. Rgg2 Kg8 33. Rge2 Be5 34.
Kg2 Be8 35. Nd1 Bf7 36. Ne3 Rxb2 37. Rxb2 Rxb2 38. Rxb2 Bxb2 39. Nxc4 Be5 40.
Ne3 Kh7 41. Bf4 Bxf4 42. gxf4 Kg6 43. Kf2 Kf6 44. Ke1 Kg6 45. Kd2 Kf6 46. Kc3
Bg6 47. Kc4 Be8 48. Kb3 Kg6 49. h4 Bf7 50. Kc4 Bg8 51. h5+ Kf6 52. Kb5 Bf7 53.
h6 Be8+ 54. Kb6 Kg6 55. Kc7 Bb5 56. Kxd6 c4 57. Ke7 c3 58. d6 Kxh6 59. Nxf5+
Kg6 60. Nd4 Ba4 61. f5+ 1-0

[Event "Kent league"]
[Site "?"]
[Date "2014.02.04"]
[Round "?"]
[White "Taylor, MR."]
[Black "Stebbings, A."]
[Result "1-0"]
[WhiteElo "2320"]
[BlackElo "2343"]
[PlyCount "101"]
[EventDate "2014.??.??"]

1. d4 Nf6 2. c4 e6 3. Nc3 Bb4 4. Qc2 c5 5. dxc5 Qc7 6. a3 Bxc5 7. e3 a6 8. Nf3
b6 9. b4 Be7 10. Bb2 Bb7 11. Bd3 d6 12. Ne4 Nbd7 13. O-O Rc8 14. Rac1 h6 15.
Nxf6+ Bxf6 16. e4 O-O 17. Bxf6 Nxf6 18. Nd4 Rfd8 19. f3 Qe7 20. Qf2 Nd7 21.
Rfd1 Qf6 22. Bf1 Qe5 23. Nb3 g5 24. Rd4 Nf6 25. Rcd1 b5 26. Na5 Ba8 27. cxb5
axb5 28. Qg3 Qxg3 29. hxg3 d5 30. exd5 Nxd5 31. Bxb5 Rc2 32. R4d2 Rdc8 33. Ba4
Rxd2 34. Rxd2 Rc3 35. Bb3 Rc1+ 36. Kf2 Kf8 37. Rc2 Rxc2+ 38. Bxc2 Ke7 39. Nc4
f5 40. Ne3 h5 41. Nxd5+ Bxd5 42. a4 g4 43. a5 Kd6 44. Ba4 Bb7 45. Be8 gxf3 46.
gxf3 Kd5 47. Bxh5 e5 48. Be8 Kd4 49. b5 e4 50. Bc6 Bc8 51. a6 1-0

[Event "London league"]
[Site "?"]
[Date "2014.02.24"]
[Round "?"]
[White "Niccoli, T."]
[Black "Stebbings, A."]
[Result "1/2-1/2"]
[WhiteElo "2088"]
[BlackElo "2343"]
[PlyCount "73"]
[EventDate "2014.??.??"]

1. e4 c5 2. Nc3 Nc6 3. f4 g6 4. Nf3 Bg7 5. Bb5 Nd4 6. O-O a6 7. Bc4 b5 8. Bd5
Rb8 9. d3 e6 10. Bb3 Ne7 11. Nxd4 cxd4 12. Ne2 O-O 13. Qe1 Bb7 14. f5 exf5 15.
Bg5 h6 16. Bxe7 Qxe7 17. exf5 Kh7 18. Qf2 Be5 19. Rae1 Qf6 20. fxg6+ fxg6 21.
Qxf6 Rxf6 22. Rxf6 Bxf6 23. Rf1 Kg7 24. Rf4 Re8 25. Ng3 Re1+ 26. Kf2 Re7 27.
Ne4 Bxe4 28. Rxe4 Rxe4 29. dxe4 Be5 30. h3 Kf6 31. Bd5 a5 32. b3 Ke7 33. Ke2
Kd6 34. Kd3 Kc5 35. Bf7 g5 36. Be8 d6 37. a3 1/2-1/2

[Event "County match"]
[Site "?"]
[Date "2014.03.15"]
[Round "?"]
[White "Stebbings, A."]
[Black "Tiruchirapalli, V."]
[Result "0-1"]
[WhiteElo "2343"]
[BlackElo "2350"]
[PlyCount "80"]
[EventDate "2014.??.??"]

1. e4 e5 2. Nf3 Nc6 3. Bb5 a6 4. Ba4 Nf6 5. Qe2 b5 6. Bb3 Be7 7. c3 O-O 8. O-O
d6 9. Rd1 Na5 10. Bc2 c5 11. d4 Qc7 12. d5 c4 13. b4 cxb3 14. axb3 Bd7 15. Ba3
Nb7 16. Nxe5 dxe5 17. Bxe7 Bg4 18. f3 Bxf3 19. Qxf3 Qxe7 20. b4 Nd6 21. Bd3 Nd7
22. Nd2 g6 23. Rdc1 f5 24. Qe2 Nf6 25. exf5 e4 26. fxg6 Qa7+ 27. Kh1 hxg6 28.
Bc2 Kg7 29. c4 bxc4 30. Nxc4 Nf5 31. Ra3 Rh8 32. Rf1 Nd4 33. Qf2 Rxh2+ 34. Kxh2
Ng4+ 35. Kg3 Nxf2 36. Rxf2 Nf5+ 37. Rxf5 gxf5 38. d6 Kf6 39. Ba4 Rg8+ 40. Kh2
Qf2 0-1

[Event "London league"]
[Site "?"]
[Date "2014.03.19"]
[Round "?"]
[White "Hayward, A."]
[Black "Stebbings, A."]
[Result "0-1"]
[WhiteElo "2020"]
[BlackElo "2343"]
[PlyCount "75"]
[EventDate "2014.??.??"]

1. d4 Nf6 2. Nc3 d5 3. Bg5 Nbd7 4. Nf3 e6 5. e4 h6 6. Bh4 g5 7. Bg3 Nxe4 8.
Nxe4 dxe4 9. Nd2 f5 10. Qh5+ Ke7 11. f4 Nf6 12. Qe2 Kf7 13. fxg5 hxg5 14. Be5
Bd6 15. Nc4 b6 16. O-O-O Bb7 17. g4 Nxg4 18. Nxd6+ cxd6 19. Bxh8 Qxh8 20. Bg2
Qh4 21. Rdf1 Nf6 22. Qf2 Qxf2 23. Rxf2 Rh8 24. h3 f4 25. Rg1 f3 26. Bf1 e3 27.
Rh2 e2 28. Bxe2 fxe2 29. Rxe2 Rxh3 30. Rge1 Bd5 31. b3 b5 32. a4 b4 33. Rf1 g4
34. Rg1 Bf3 35. Ree1 Rh2 36. Ref1 Ke7 37. Re1 Nd5 38. Rgf1 0-1

[Event "Kent league"]
[Site "?"]
[Date "2014.03.29"]
[Round "?"]
[White "Taylor, MR."]
[Black "Stebbings, A."]
[Result "1-0"]
[WhiteElo "2320"]
[BlackElo "2343"]
[PlyCount "85"]
[EventDate "2014.??.??"]

1. d4 Nf6 2. c4 e6 3. Nc3 Bb4 4. Qc2 O-O 5. a3 Bxc3+ 6. Qxc3 d5 7. cxd5 Ne4 8.
Qc2 exd5 9. e3 Bf5 10. Bd3 Nd7 11. Ne2 c5 12. f3 c4 13. Bxe4 dxe4 14. fxe4 Bg6
15. Nf4 Qh4+ 16. g3 Qg4 17. O-O Rae8 18. Nxg6 Qxg6 19. Rf5 Re6 20. Bd2 Rfe8 21.
Raf1 Rxe4 22. Rxf7 Qe6 23. Qa4 Nf6 24. Rc7 Rxe3 25. Qxc4 Qxc4 26. Rxc4 Re2 27.
Bc3 Nd5 28. Rc5 Nxc3 29. bxc3 Ra2 30. Rc7 h6 31. Rf2 Rxa3 32. Rff7 Ra1+ 33. Kg2
Ra2+ 34. Kh3 Ree2 35. Rxg7+ Kf8 36. Rh7 Rxh2+ 37. Kg4 h5+ 38. Kg5 Ra5+ 39. Kf4
Kg8 40. Rcg7+ Kf8 41. Rxb7 Kg8 42. Rbg7+ Kf8 43. Rxa7 1-0

[Event "London league"]
[Site "?"]
[Date "2014.04.14"]
[Round "?"]
[White "Stebbings, A."]
[Black "Pelling, T."]
[Result "1-0"]
[WhiteElo "2343"]
[BlackElo "2118"]
[PlyCount "65"]
[EventDate "2014.??.??"]

1. e4 e6 2. d4 d5 3. Nd2 Nc6 4. Ngf3 Nf6 5. e5 Nd7 6. Nb3 f6 7. Bb5 a6 8. Bxc6
bxc6 9. Na5 Bb4+ 10. Bd2 Bxa5 11. Bxa5 c5 12. dxc5 Nxc5 13. O-O Ne4 14. c4 O-O
15. Rc1 fxe5 16. cxd5 Ra7 17. Nxe5 Qxd5 18. Qxd5 exd5 19. Bxc7 Be6 20. Rc6 Re8
21. Bb6 Rb7 22. Bd4 Rb4 23. Rd1 Ra4 24. a3 Nf6 25. h3 Bf5 26. g4 Be4 27. f3 Bg6
28. Bc3 Bc2 29. Rd2 Bb3 30. Rb6 Ba2 31. Rd4 Rxd4 32. Bxd4 a5 33. Ra6 1-0

[Event "London league"]
[Site "?"]
[Date "2014.04.28"]
[Round "?"]
[White "Stebbings, A."]
[Black "Pridding, A."]
[Result "1-0"]
[WhiteElo "2343"]
[BlackElo "2133"]
[PlyCount "61"]
[EventDate "2014.??.??"]

1. e4 e5 2. Nf3 Nc6 3. Bb5 f5 4. Nc3 Nf6 5. exf5 Bc5 6. O-O O-O 7. Nxe5 Nd4 8.
Nf3 d5 9. Nxd4 Bxd4 10. Ne2 Bb6 11. d4 Bxf5 12. Bf4 c5 13. c3 Ne4 14. Bd3 cxd4
15. cxd4 Qh4 16. f3 Ng5 17. Bg3 Qh6 18. Bxf5 Rxf5 19. Qd3 Raf8 20. Rac1 Ne6 21.
Kh1 g5 22. Rc8 Nd8 23. Be5 Qe6 24. Rfc1 Nc6 25. Rxf8+ Kxf8 26. f4 Kg8 27. Ng3
Rf8 28. Nh5 Qh6 29. Qf3 Ne7 30. fxg5 Qg6 31. Nf6+ 1-0

[Event "County match"]
[Site "?"]
[Date "2014.05.17"]
[Round "?"]
[White "Stebbings, A."]
[Black "Wallace, P."]
[Result "1-0"]
[WhiteElo "2343"]
[BlackElo "2208"]
[PlyCount "91"]
[EventDate "2014.??.??"]

1. e4 e5 2. Nf3 Nc6 3. Bb5 f5 4. Nc3 Nf6 5. exf5 e4 6. Ng5 d5 7. d3 Bxf5 8.
dxe4 dxe4 9. Qe2 Bb4 10. Bd2 Qe7 11. Bxc6+ bxc6 12. Qc4 Rd8 13. Qxc6+ Rd7 14.
O-O-O O-O 15. Rhe1 Rd4 16. f3 Bd7 17. Qb7 Qc5 18. Ncxe4 Qa5 19. Bxb4 Rxb4 20.
Nxf6+ gxf6 21. Qd5+ Qxd5 22. Rxd5 Bc6 23. Rc5 Rb6 24. Nh3 Kf7 25. Nf4 Rd8 26.
Re6 Rd6 27. Rxd6 cxd6 28. Rh5 Kg7 29. Ra5 a6 30. Nd5 Rb8 31. c4 Bb7 32. Nf4 Kf7
33. a3 Rg8 34. Kd2 h6 35. b4 Rc8 36. Kd3 Re8 37. Rh5 Kg7 38. c5 dxc5 39. Rxc5
Re7 40. a4 Kf7 41. b5 axb5 42. axb5 Rd7+ 43. Kc4 Ke7 44. Rh5 Rc7+ 45. Kd4 Rd7+
46. Kc5 1-0

[Event "London league"]
[Site "?"]
[Date "2014.05.19"]
[Round "?"]
[White "Stebbings, A."]
[Black "Black, R."]
[Result "1/2-1/2"]
[WhiteElo "2343"]
[BlackElo "2125"]
[PlyCount "61"]
[EventDate "2014.??.??"]

1. e4 d6 2. d4 Nf6 3. Nc3 c6 4. g3 Nbd7 5. Bg2 e5 6. Nge2 Be7 7. a4 O-O 8. O-O
b6 9. h3 Bb7 10. Be3 Re8 11. g4 h6 12. Ng3 Bf8 13. Qd2 exd4 14. Bxd4 c5 15. Be3
a6 16. Rfe1 Qc7 17. f4 Rad8 18. Bf2 Bc6 19. Nd5 Bxd5 20. exd5 b5 21. axb5 axb5
22. Qd3 c4 23. Qd2 Rxe1+ 24. Qxe1 Nc5 25. Qa5 Qxa5 26. Rxa5 Rb8 27. Nf5 Nfe4
28. Bd4 g6 29. Ne3 Bg7 30. Bxg7 Kxg7 31. Bxe4 1/2-1/2

[Event "County match"]
[Site "?"]
[Date "2014.06.14"]
[Round "?"]
[White "Stebbings, A."]
[Black "Adair, J."]
[Result "1/2-1/2"]
[WhiteElo "2343"]
[BlackElo "2485"]
[PlyCount "91"]
[EventDate "2014.??.??"]

1. e4 c5 2. Nf3 Nc6 3. d4 cxd4 4. Nxd4 e5 5. Nb5 d6 6. Be3 Nf6 7. Bg5 a6 8.
N5c3 Be7 9. Bxf6 Bxf6 10. Nd2 Be6 11. Nc4 O-O 12. Qxd6 Qe8 13. Bd3 Rc8 14. Nd5
Bxd5 15. Qxd5 Nb4 16. Qxb7 Nxc2+ 17. Bxc2 Rxc4 18. Bd3 Rd4 19. Qxa6 Ra4 20. Qb7
Qd8 21. Qb3 Qa5+ 22. Ke2 Qa8 23. Rhc1 Rb8 24. Qc3 Bd8 25. b3 Ra3 26. Qc6 Bb6
27. Qxa8 Rbxa8 28. Rc2 Kf8 29. Bc4 Bd4 30. Rac1 Rxa2 31. Bd5 R8a7 32. f3 Ke7
33. Kd3 Rxc2 34. Rxc2 Kd8 35. b4 f6 36. b5 Rc7 37. Ra2 h6 38. Bc6 Ke7 39. Kc4
Kd6 40. Ra8 Ra7 41. Rd8+ Ke7 42. Rg8 Kd6 43. Rd8+ Ke7 44. Ra8 Rxa8 45. Bxa8 Kd6
46. Bd5 1/2-1/2

[Event "London league"]
[Site "?"]
[Date "2014.10.01"]
[Round "?"]
[White "Pridding, A."]
[Black "Stebbings, A."]
[Result "1/2-1/2"]
[WhiteElo "2163"]
[BlackElo "2350"]
[PlyCount "49"]
[EventDate "2014.??.??"]

1. e4 c5 2. Nf3 e6 3. d4 cxd4 4. Nxd4 Nc6 5. Nc3 Qc7 6. Be3 a6 7. Bd3 Nf6 8.
O-O Nxd4 9. Bxd4 Bc5 10. Bxc5 Qxc5 11. Qe2 d6 12. a4 Bd7 13. Kh1 Bc6 14. f4 e5
15. fxe5 dxe5 16. Nd5 Bxd5 17. exd5 Qxd5 18. Rf5 O-O-O 19. Rxe5 Qd6 20. Re1
Rhe8 21. Re7 g6 22. h3 Rxe7 23. Qxe7 Qxe7 24. Rxe7 Rd7 25. Re5 1/2-1/2

[Event "London league"]
[Site "?"]
[Date "2014.10.20"]
[Round "?"]
[White "Pelling, T."]
[Black "Stebbings, A."]
[Result "0-1"]
[WhiteElo "2215"]
[BlackElo "2350"]
[PlyCount "48"]
[EventDate "2014.??.??"]

1. f4 g6 2. Nf3 Bg7 3. d3 c5 4. e4 Nc6 5. Be2 d6 6. O-O e5 7. Nc3 Nge7 8. Nd5
exf4 9. Bxf4 h6 10. Qd2 Be6 11. c4 g5 12. Nxg5 hxg5 13. Bxg5 Bd4+ 14. Kh1 Kd7
15. Rxf7 Bxf7 16. Bg4+ Be6 17. Bxe6+ Kxe6 18. Qf4 Kd7 19. Qg4+ Ke8 20. Rf1 Qd7
21. Qf4 Nxd5 22. exd5 Ne5 23. Bf6 Rf8 24. Re1 Qf7 0-1

[Event "London league"]
[Site "?"]
[Date "2014.11.10"]
[Round "?"]
[White "Bird, J."]
[Black "Stebbings, A."]
[Result "1/2-1/2"]
[WhiteElo "2073"]
[BlackElo "2350"]
[PlyCount "147"]
[EventDate "2014.??.??"]

1. e4 c5 2. Nc3 Nc6 3. Bb5 Nd4 4. Nf3 e6 5. d3 a6 6. Bc4 Nc6 7. O-O Qc7 8. a4
Nf6 9. Bg5 Be7 10. Qd2 O-O 11. Rfe1 d6 12. h3 b6 13. Bh4 Bb7 14. Bg3 Rfd8 15.
e5 dxe5 16. Nxe5 Nxe5 17. Bxe5 Qc6 18. f3 Nd7 19. Bg3 Bf6 20. Ra2 Nf8 21. Ne4
Be7 22. Qe2 Ng6 23. Bb3 Qd7 24. Kh2 Rac8 25. Qe3 Nh4 26. Bxh4 Bxh4 27. g3 Be7
28. Kg2 Bd5 29. Bxd5 exd5 30. Nf2 Re8 31. Raa1 Bf6 32. Qd2 Bxb2 33. Rxe8+ Qxe8
34. Rb1 Qe5 35. Ng4 Qd4 36. Qg5 f6 37. Nh6+ Kf8 38. Qg4 Re8 39. Qxd4 Bxd4 40.
Nf5 Re2+ 41. Kf1 Rf2+ 42. Kg1 Rxf3+ 43. Nxd4 cxd4 44. Kg2 Re3 45. Rxb6 Re2+ 46.
Kf3 Rxc2 47. Rb8+ Kf7 48. Rb7+ Ke6 49. Rxg7 Rd2 50. Ra7 Rxd3+ 51. Kf2 Ra3 52.
Rxa6+ Ke5 53. a5 d3 54. h4 d2 55. Ke2 Rxg3 56. Ra7 Rg2+ 57. Kd1 Kd4 58. Kc2 h5
59. Rf7 Ke5 60. a6 d1=Q+ 61. Kxd1 Ra2 62. a7 Kf5 63. Rd7 Kg4 64. Rxd5 Rxa7 65.
Rd4+ Kg3 66. Rd3+ Kxh4 67. Rd4+ Kg3 68. Rd3+ Kf2 69. Rd2+ Kf1 70. Rd5 Ra1+ 71.
Kd2 Ra2+ 72. Ke3 Re2+ 73. Kf3 Rf2+ 74. Kg3 1/2-1/2

[Event "4NCL league"]
[Site "?"]
[Date "2014.11.15"]
[Round "?"]
[White "Lewis, A."]
[Black "Stebbings, A."]
[Result "1/2-1/2"]
[WhiteElo "2253"]
[BlackElo "2350"]
[PlyCount "39"]
[EventDate "2014.??.??"]

1. c4 c5 2. Nf3 Nc6 3. Nc3 Nf6 4. d4 cxd4 5. Nxd4 Qb6 6. e3 e6 7. Be2 Be7 8.
O-O O-O 9. b3 d6 10. Bb2 a6 11. Rc1 Bd7 12. Qd2 Rfd8 13. Rfd1 Rac8 14. h3 Be8
15. Bf1 Qa7 16. g3 Qb8 17. Bg2 b5 18. cxb5 Nxd4 19. Qxd4 axb5 20. Qb4 1/2-1/2

[Event "4NCL league"]
[Site "?"]
[Date "2014.11.16"]
[Round "?"]
[White "Stebbings, A."]
[Black "Headlong, T."]
[Result "1/2-1/2"]
[WhiteElo "2350"]
[BlackElo "2125"]
[PlyCount "89"]
[EventDate "2014.??.??"]

1. e4 c5 2. Nf3 Nc6 3. d4 cxd4 4. Nxd4 g6 5. c4 Bg7 6. Nc2 d6 7. Be2 Nf6 8. Nc3
Nd7 9. Bd2 a5 10. O-O O-O 11. Be3 a4 12. Qd2 Nc5 13. f3 Be6 14. Rac1 Qa5 15.
Rfd1 Rfc8 16. Na3 Qb4 17. Rc2 h5 18. Qc1 Qa5 19. Nd5 Bxd5 20. cxd5 Nb4 21. Rc4
b5 22. Nxb5 Qxb5 23. Rxc5 Rxc5 24. Bxb5 Rxc1 25. Rxc1 Bxb2 26. Rc4 Nxa2 27.
Bxa4 Nc3 28. Bc2 Ra1+ 29. Kf2 Nd1+ 30. Bxd1 Rxd1 31. Bg5 f6 32. Be3 Kf7 33. Ke2
Rh1 34. h3 f5 35. Rc2 Bf6 36. Rc1 Rxc1 37. Bxc1 fxe4 38. fxe4 Be5 39. Kf3 Bf6
40. g4 hxg4+ 41. Kxg4 Be5 42. Kg5 Bf6+ 43. Kh6 Bg7+ 44. Kh7 Bf6 45. Bd2 1/2-1/2

[Event "London league"]
[Site "?"]
[Date "2014.11.20"]
[Round "?"]
[White "Brown, M."]
[Black "Stebbings, A."]
[Result "0-1"]
[WhiteElo "2088"]
[BlackElo "2350"]
[PlyCount "148"]
[EventDate "2014.??.??"]

1. e4 c5 2. Nf3 e6 3. d3 d5 4. Nbd2 Nc6 5. g3 Bd6 6. Bg2 Nge7 7. O-O O-O 8. Nh4
Bd7 9. f4 f6 10. Ndf3 Qc7 11. c3 Be8 12. Qe1 Bf7 13. Qf2 dxe4 14. dxe4 e5 15.
f5 c4 16. Be3 b6 17. Rfd1 Na5 18. Ne1 Nb7 19. g4 h6 20. Bf3 Rfd8 21. Nhg2 Bc5
22. h4 Bxe3 23. Qxe3 Qc5 24. Kh2 Qxe3 25. Nxe3 Nc5 26. Kg3 Kf8 27. Rxd8+ Rxd8
28. Rd1 Rxd1 29. Nxd1 Nc8 30. Kf2 Nd6 31. Ke3 Be8 32. Nf2 Ba4 33. Kd2 Ke7 34.
Nc2 Kd8 35. Ne1 Kc7 36. Nc2 Bc6 37. Ke3 a5 38. Ne1 b5 39. Nc2 Kb6 40. Bg2 Na4
41. Nd1 h5 42. gxh5 Nxf5+ 43. exf5 Bxg2 44. Ke2 Be4 45. Nce3 Bd3+ 46. Ke1 Nc5
47. Nd5+ Kc6 48. N1e3 Ne4 49. Ne7+ Kd7 50. N7d5 Kd6 51. a3 Kd7 52. Nb6+ Kc6 53.
Nbd5 Kd6 54. Kd1 Ng3 55. h6 gxh6 56. Nxf6 Nxf5 57. Nxf5+ Bxf5 58. h5 e4 59. Ng8
Ke6 60. Nxh6 Bh3 61. Ke2 Kf6 62. Ke3 Kg7 63. Kxe4 Kxh6 64. Kd5 Bd7 65. a4 bxa4
66. Kxc4 Kxh5 67. Kc5 Kg6 68. Kb6 Be6 69. Kxa5 Bb3 70. c4 Kf7 71. c5 Ke6 72. c6
Kd6 73. Kb5 Bc2 74. Kb4 Kxc6 0-1

[Event "County match"]
[Site "?"]
[Date "2014.11.22"]
[Round "?"]
[White "Stebbings, A."]
[Black "Stone, A."]
[Result "1/2-1/2"]
[WhiteElo "2350"]
[BlackElo "2260"]
[PlyCount "65"]
[EventDate "2014.??.??"]

1. e4 e6 2. d4 d5 3. Nd2 Be7 4. c3 c5 5. dxc5 Nf6 6. exd5 Qxd5 7. b4 O-O 8.
Ngf3 b6 9. cxb6 axb6 10. a3 Bb7 11. Bb2 Rd8 12. Be2 Nbd7 13. O-O Nf8 14. c4 Qc6
15. Qc2 Ng6 16. Rfe1 Nf4 17. Be5 Nxe2+ 18. Rxe2 Rd7 19. Nf1 Rad8 20. Rd2 Ne4
21. Rxd7 Qxd7 22. Ne3 f6 23. Rd1 Qc8 24. Bb2 Bd6 25. Nd4 Bf4 26. Ne2 Bxe3 27.
fxe3 Rxd1+ 28. Qxd1 Qxc4 29. Qd8+ Kf7 30. Qd7+ Kf8 31. Qd8+ Kf7 32. Qd7+ Kf8
33. Qd8+ 1/2-1/2

[Event "London league"]
[Site "?"]
[Date "2014.12.15"]
[Round "?"]
[White "Stebbings, A."]
[Black "Ponting, A."]
[Result "1-0"]
[WhiteElo "2350"]
[BlackElo "2073"]
[PlyCount "79"]
[EventDate "2014.??.??"]

1. e4 e5 2. Nf3 Nf6 3. Nxe5 d6 4. Nf3 Nxe4 5. d4 d5 6. Bd3 Nc6 7. O-O Be7 8.
Re1 Nf6 9. Bf4 O-O 10. c3 Bg4 11. Nbd2 h6 12. h3 Be6 13. b4 Bd6 14. Ne5 Ne7 15.
Qf3 Kh8 16. Bxh6 Ne4 17. Qh5 gxh6 18. Qxh6+ Kg8 19. Rxe4 dxe4 20. Nxe4 Nf5 21.
Nf6+ Qxf6 22. Qxf6 Be7 23. Qxf5 Bxf5 24. Bxf5 a5 25. b5 Bg5 26. Rd1 Kg7 27. Be4
Ra7 28. g3 f5 29. Bd5 f4 30. g4 Rd8 31. Be4 Rh8 32. Kg2 Re8 33. Kf3 a4 34. Nd3
Rf8 35. Nc5 Rf6 36. Bxb7 Rh6 37. Kg2 Be7 38. Bc6 a3 39. Re1 Bd6 40. Re8 1-0

[Event "4NCL league"]
[Site "?"]
[Date "2015.01.11"]
[Round "?"]
[White "Lim, Z."]
[Black "Stebbings, A."]
[Result "1-0"]
[WhiteElo "2313"]
[BlackElo "2343"]
[PlyCount "81"]
[EventDate "2015.??.??"]

1. Nf3 c5 2. g3 Nc6 3. Bg2 g6 4. d4 cxd4 5. Nxd4 Bg7 6. Nxc6 bxc6 7. c4 Rb8 8.
Qc2 Qa5+ 9. Nd2 Nf6 10. O-O c5 11. b3 O-O 12. Bb2 d6 13. Rfd1 Bb7 14. e4 Nd7
15. Bxg7 Kxg7 16. Qb2+ Kg8 17. Nf1 Ne5 18. Ne3 Nc6 19. Nd5 Bc8 20. h4 Bg4 21.
f3 Be6 22. h5 Qd8 23. f4 Nd4 24. Ne3 Qd7 25. Rxd4 cxd4 26. Qxd4 f6 27. Bf3 Kg7
28. Kf2 Qb7 29. Kg2 Qb6 30. Qd2 Qc5 31. Rh1 Rh8 32. f5 gxf5 33. exf5 Bxf5 34.
h6+ Kf8 35. Rh5 e6 36. Nxf5 exf5 37. Rxf5 Qb4 38. Qg5 Ke7 39. Qxf6+ Kd7 40.
Qg7+ Ke6 41. Qf7# 1-0

[Event "London league"]
[Site "?"]
[Date "2015.01.12"]
[Round "?"]
[White "Stebbings, A."]
[Black "Millward, K."]
[Result "1-0"]
[WhiteElo "2343"]
[BlackElo "2020"]
[PlyCount "83"]
[EventDate "2015.??.??"]

1. e4 d6 2. d4 g6 3. Nc3 Bg7 4. Nge2 a6 5. a4 e5 6. Be3 Nc6 7. h3 f5 8. exf5
gxf5 9. dxe5 dxe5 10. Qxd8+ Kxd8 11. O-O-O+ Bd7 12. f4 Nge7 13. fxe5 Kc8 14.
Nf4 Bxe5 15. Bc4 Ng6 16. Rhf1 Bxf4 17. Bxf4 Nxf4 18. Rxf4 Ne5 19. Bd3 Nxd3+ 20.
Rxd3 Rg8 21. Nd5 Rg7 22. g4 Be6 23. Ne3 b5 24. gxf5 Bd7 25. f6 Rf7 26. Ng4 Bxg4
27. hxg4 Kb7 28. axb5 axb5 29. Re3 Raf8 30. g5 h6 31. gxh6 Rxf6 32. Rxf6 Rxf6
33. Rh3 Rf8 34. h7 Rh8 35. Kd2 Kc6 36. Ke3 Kd6 37. Kf4 Ke6 38. Kg5 Kf7 39. Kh6
Rd8 40. Rf3+ Ke6 41. Kg7 Rd7+ 42. Kg8 1-0